En busca de la metodología mixta entre un estudio de corte cualitativo y el seguimiento de una cohorte en una encuesta retrospectiva /
Պահպանված է:
| Հիմնական հեղինակ: | |
|---|---|
| Այլ հեղինակներ: | |
| Ձևաչափ: | Տեքստ |
| Խորագրեր: | |
| Ցուցիչներ: |
Ավելացրեք ցուցիչ
Չկան պիտակներ, Եղեք առաջինը, ով նշում է այս գրառումը!
|
MARC
| LEADER | 00000 a a2200000 04500 | ||
|---|---|---|---|
| 001 | 7570 | ||
| 003 | |||
| 040 | |||
| 100 | |a Pacheco, Edith | ||
| 245 | |a En busca de la metodología mixta entre un estudio de corte cualitativo y el seguimiento de una cohorte en una encuesta retrospectiva / |c Edith Pacheco ; Mercedes Blanco | ||
| 650 | |a METODOS DE INVESTIGACION | ||
| 650 | |a METODO INTEGRADO | ||
| 650 | |a MUJERES | ||
| 650 | |a TRABAJADORAS | ||
| 700 | |a Blanco, Mercedes | ||
| 773 | |g volumen 17, número 3; páginas 485-521 | ||
| 999 | |c 32340 |d 32340 | ||
